Teoría de la comunicación humana : (Record no. 85748)

MARC details
000 -CABECERA
campo de control de longitud fija 00853nam a22002413a 4500
005 - FECHA Y HORA DE LA ÚLTIMA TRANSACCIÓN
campo de control 20241003063706.0
008 - ELEMENTOS DE LONGITUD FIJA--INFORMACIÓN GENERAL
campo de control de longitud fija 010921s1997 es r 000 0 spa d
020 ## - NÚMERO INTERNACIONAL NORMALIZADO PARA LIBROS
Número Internacional Estándar del Libro 8425412056
035 ## - NÚMERO DE CONTROL DEL SISTEMA
Número de control de sistema UPN01000111840
049 ## - COLECCIÓN
Colección CG
050 #4 - SIGNATURA TOPOGRÁFICA DE LA BIBLIOTECA DEL CONGRESO
Número de clasificación BF637 C4.5
Número de documento/Ítem W3.48 1997
100 1# - ASIENTO PRINCIPAL--NOMBRE PERSONAL
Nombre de persona Watzlawick, Paul,
Fechas asociadas al nombre 1921-2007
9 (RLIN) 29498
245 10 - MENCIÓN DE TÍTULO
Título Teoría de la comunicación humana :
Resto del título interacciones, patologías y paradojas /
Mención de responsabilidad, etc. Paul Watzlawick, Janet Beavin Bavelas y Don D. Jackson.
250 ## - MENCIÓN DE EDICIÓN
Mención de edición 11a ed.
260 ## - PUBLICACIÓN, DISTRIBUCIÓN, ETC.
Lugar de publicación, distribución, etc. Barcelona, Esp.
Nombre del editor, distribuidor, etc. Herder :
Fecha de publicación, distribución, etc. 1997.
300 ## - DESCRIPCIÓN FÍSICA
Extensión 262 p.
440 #0 - MENCIÓN DE SERIE/ASIENTO SECUNDARIO--TÍTULO
Título Biblioteca de psicología.
Nombre de parte o sección de la obra Textos universitarios
650 #4 - ASIENTO SECUNDARIO DE MATERIA - TERMINO TEMATICO
Término de materia o nombre geográfico como elemento de entrada Comunicación interpersonal
9 (RLIN) 6549
650 #4 - ASIENTO SECUNDARIO DE MATERIA - TERMINO TEMATICO
Término de materia o nombre geográfico como elemento de entrada Comunicación
9 (RLIN) 9285
700 1# - ASIENTO SECUNDARIO--NOMBRE DE PERSONAL
Nombre de persona Bavelas, Janet Beavin,
Fechas asociadas al nombre 1940-
Término indicativo de función/relación coaut.
9 (RLIN) 37954
700 1# - ASIENTO SECUNDARIO--NOMBRE DE PERSONAL
Nombre de persona Jackson, Don de Avila,
Fechas asociadas al nombre 1920-1968
Término indicativo de función/relación coaut.
9 (RLIN) 37955
905 ## - TIPO DE MATERIAL
Tipo de material Libro
Holdings
Estado de retiro Estado de pérdida Fuente del sistema de clasificación o colocación Estado dañado Restricciones de uso No para préstamo Código de colección Localización permanente Ubicación/localización actual Ubicación en estantería Fecha de adquisición Total de préstamos Clasificación Código de barras Fecha visto por última vez Número de copia Tipo de ítem Koha
    Library of Congress Classification   Préstamo por horas   Bibliografía básica Bib. Gregorio Torres Quintero Bib. Gregorio Torres Quintero Colecciones especiales Planta alta 30/01/2023 23 BF637 C4.5 W3.48 1997 172355 31/12/2020 1 Libro por horas